[Event "OP-2014-0-03577"]
[Site "LSS email"]
[Date "2014.12.06"]
[Round "?"]
[White "Cirovic, Zeljko"]
[Black "Kaunisto, Petri"]
[Result "1-0"]
[WhiteElo "1663"]
[BlackElo "800"]
[PlyCount "21"]
[EventDate "2014.12.01"]
[EventType "tourn (corr)"]
[EventRounds "4"]
[EventCountry "GER"]
[SourceTitle "Corr 2022"]
[Source "ChessBase"]
[SourceDate "2021.10.24"]
[SourceVersion "1"]
[SourceVersionDate "2021.10.24"]
[SourceQuality "1"]

1. e4 Nc6 2. d4 e6 3. Nf3 d6 4. c4 Nf6 5. Nc3 Nb4 6. a3 Nc6 7. Bg5 Be7 8. e5 dxe5 9. dxe5 Nh5 10. Qxd8+ Kxd8 11. 0-0-0+ 1-0

[Event "OP-2014-0-03573"]
[Site "LSS email"]
[Date "2014.12.02"]
[Round "?"]
[White "Firnhaber, Ingo"]
[Black "Kaunisto, Petri"]
[Result "1-0"]
[WhiteElo "2414"]
[BlackElo "800"]
[PlyCount "33"]
[EventDate "2014.11.26"]
[EventType "tourn (corr)"]
[EventRounds "4"]
[EventCountry "GER"]
[SourceTitle "Corr 2015"]
[Source "ChessBase"]
[SourceDate "2015.07.17"]
[SourceVersion "1"]
[SourceVersionDate "2015.07.17"]
[SourceQuality "1"]

1. e4 e5 2. Nf3 Nc6 3. Bb5 Bc5 4. c3 b6 5. 0-0 Qe7 6. d4 exd4 7. cxd4 Nxd4 8. Nxd4 Bb4 9. a3 Bc5 10. b4 Bd6 11. e5 Bxe5 12. Re1 Bxh2+ 13. Kxh2 c6 14. Nf5 cxb5 15. Nxe7 Nxe7 16. Qd6 a5 17. Qxe7# 1-0